| 000 | 00625nam a2200157Ia 4500 | ||
|---|---|---|---|
| 003 | IN-BaIIA | ||
| 008 | 211028s9999 xx 000 0 eng d | ||
| 040 | _cIIA Library | ||
| 080 |
_a083.7:62 _bASM |
||
| 110 |
_aAmerican Society of Mechanical Engineers _912072 |
||
| 245 | 0 |
_a1980 ASME boiler and pressure vessel code section NC division 1 nuclear power plant components subsection NC clas 2 comp _cThe American Society of Mechanical Engineers |
|
| 260 |
_aNew York _bThe American Society of Mechanical Engineers _c1980 |
||
| 300 | _axxii, 321p. | ||
| 650 | _aAstronomy and Astrophysics Thesaurus | ||
| 942 | _cBK | ||
| 999 |
_c7058 _d7058 |
||